Examen de la Situación Económica de México : número 264, noviembre 1947 /

Gardado en:
Detalles Bibliográficos
Outros autores: Olaguibel, Ramón Y. (dirección) (dirección)
Formato: Libro
Idioma:Lingua castelá
Publicado: México : Banco Nacional de México, 1947
Etiquetas: Engadir etiqueta
Sen Etiquetas, Sexa o primeiro en etiquetar este rexistro!

MARC

LEADER 00000nam^a2200000^a^4500
001 000431958
005 20250526000000.0
009 20260310123003.107
037 |a Acervo ITESO - Biblioteca 
041 |a ESP 
091 |a FHM. 05767 
245 1 0 |a Examen de la Situación Económica de México :  |b número 264, noviembre 1947 / 
264 1 |a México :  |b Banco Nacional de México,  |c 1947 
300 |a 21 p. ;  |c 21.0 cm. 
336 |a texto  |b txt  |2 rdacontenido 
337 |a sin mediación  |b n  |2 rdamedio 
338 |a volumen  |b nc  |2 rdasoporte 
649 |a XX 
700 |a Olaguibel, Ramón Y.  |e (dirección) 
910 |a Fondo Hugo B. Margáin 
920 |a Impresos - Libros 
930 |a Libros Antiguos y Raros 
905 |a 126 
901 |a 0500315094  |b IT2  |c LRA  |i D105717  |u 20250526 
902 |a https://opac.biblio.iteso.mx/vufind/Record/000431958